Assam tenancy act, 1935. : (Record no. 429)

MARC details
000 -LEADER
fixed length control field 00483cam a2200181ua 4500
008 - FIXED-LENGTH DATA ELEMENTS--GENERAL INFORMATION
fixed length control field 110406n ii |||gr||||Z||||||eng
040 ## - CATALOGING SOURCE
Transcribing agency MAIN
082 ## - DEWEY DECIMAL CLASSIFICATION NUMBER
Classification number 342.030954
245 ## - TITLE STATEMENT
Title Assam tenancy act, 1935. :
Remainder of title temporarily settled district. /
Statement of responsibility, etc. By K.N Saikia.
250 ## - EDITION STATEMENT
Edition statement 1st.
260 ## - PUBLICATION, DISTRIBUTION, ETC.
Place of publication, distribution, etc. Calcutta.:
Name of publisher, distributor, etc. New book stall.,965.
300 ## - PHYSICAL DESCRIPTION
Extent viii, 162 p.:2 cm.
700 ## - ADDED ENTRY--PERSONAL NAME
Personal name Saikia, K.N,
942 ## - ADDED ENTRY ELEMENTS (KOHA)
Koha item type Books
653 ## - INDEX TERM--UNCONTROLLED
Uncontrolled term Political science.
653 ## - INDEX TERM--UNCONTROLLED
Uncontrolled term Assam tenancy act.
Holdings
Withdrawn status Lost status Damaged status Not for loan Home library Current library Shelving location Date acquired Total Checkouts Full call number Barcode Date last seen Copy number Price effective from Koha item type
        Central Library, Naharkatiya College Central Library, Naharkatiya College   19/09/2020   342.030954 | SAI 1245 19/09/2020 2 19/09/2020 Books
        Central Library, Naharkatiya College Central Library, Naharkatiya College   19/09/2020   342.030954 | SAI 1246 19/09/2020 1 19/09/2020 Books

Naharkatiya College © 2020. All rights reserved.

Powered By